The F word (Record no. 76913)
[ view plain ]
| 000 -LEADER | |
|---|---|
| fixed length control field | 00965cab a2200181 4500 |
| 001 - CONTROL NUMBER | |
| control field | ##L133291 |
| 008 - FIXED-LENGTH DATA ELEMENTS--GENERAL INFORMATION | |
| fixed length control field | 060426n2006 000 0 eng u |
| 035 ## - SYSTEM CONTROL NUMBER | |
| System control number | (Sirsi) u133291 |
| 041 0# - LANGUAGE CODE | |
| Language code of text/sound track or separate title | eng |
| 100 1# - MAIN ENTRY--PERSONAL NAME | |
| Personal name | Pickard, Martin |
| 245 04 - TITLE STATEMENT | |
| Title | The F word |
| 260 ## - PUBLICATION, DISTRIBUTION, ETC. | |
| Date of publication, distribution, etc. | 2006 |
| 490 #0 - SERIES STATEMENT | |
| Series statement | Premises and Facilities Management |
| Volume/sequential designation | April 2006, 17-19(3) |
| 520 ## - SUMMARY, ETC. | |
| Summary, etc. | Some business leaders in the past have overlooked the role of the facilities manager. This article is the first of a series that highlights six reasons why facilities management is an important part of the workplace. It focuses on its contribution and the strategies used in attracting high calibre talent to work for their companies. These include creating relaxation areas and leisure spaces; benefits such as concierge services, dentists and gyms; childcare facilities, and flexible working hours. (See also L133619.) |
| 590 ## - LOCAL NOTE (RLIN) | |
| Local note | IKA090506 |
| 690 ## - LOCAL SUBJECT ADDED ENTRY--TOPICAL TERM (OCLC, RLIN) | |
| Topical term or geographic name as entry element | MANAGEMENT-FACILITIES MANAGEMENT |
| 942 ## - ADDED ENTRY ELEMENTS (KOHA) | |
| Suppress in OPAC | 0 |
| Withdrawn status | Lost status | Source of classification or shelving scheme | Damaged status | Not for loan | Home library | Current library | Shelving location | Date acquired | Total Checkouts | Full call number | Barcode | Date last seen | Copy number | Price effective from | Koha item type |
|---|---|---|---|---|---|---|---|---|---|---|---|---|---|---|---|
| Dewey Decimal Classification | London | London | Journal article | 26/04/2006 | L133291 | 133291-1001 | 06/08/2019 | 1 | 06/08/2019 | Journal article |